000 nam a22 7a 4500
999 _c5187
_d5187
005 20180613082832.0
008 180613b xxu||||| |||| 00| 0 eng d
020 _a9780276442933
_bhardcover
040 _beng
_cAPEC Schools Library
_erda
082 _aC 333.7
_bC839r 2008
100 _aCoyne, Celia
245 _aEarth's riches /
_cCelia Coyne
250 _aFirst edition
264 _aLondon, UK :
_bReader's Digest Association,
_c©2008.
_d[2008]
300 _a160 pages :
_bcolor illustrations ;
_c30 cm
336 _2rdacontent
_atext
337 _2rdamedia
_aunmediated
338 _2rdacarrier
_avolume
490 _aNature's mighty powers
504 _aIncludes index
505 _aThe Solar Powerhouse 1 -- Energy from Within 34 -- Stored Energy 3 -- Water and Wind Power 76 -- Rich and Rare 94 -- Strength to Strength 122 -- Unsung Riches 142
520 _aPowerful forces are constantly shaping the Earth and the material within it. Discover how these forces have forged the riches of our planet - from gems to geothermal energy - and how we exploit them.
942 _2ddc
_cBK